000 00434nam a2200181Ia 4500
005 20250603145521.0
008 250603s9999 xx 000 0 und d
020 _a9781401887452
050 _aTR 146 .W37/
100 _aWarren, Bruce
245 0 _aPhotography : the concise guide
260 _aUnited State
260 _bThomson/Delmar Learning
260 _c2021
300 _a248 p
650 _aUnited State
942 _cBK
999 _c42090
_d42090